000 00779nam a2200229Ii 4500
003 JO-AjNU
008 230605s9999||||xx |||||||||||||| ||und||
017 _a2004/11/2798
040 _aJO-AjNU
_bara
_erda
_cJO-AjNU
041 _aara
050 1 4 _aPJ7852.G48 2004
100 3 _aتأليف غنيم،خالد إسماعيل علي,
_eauthor
_919952
245 0 0 _aقطف الزهر (2): خمس وعشرون زهرة في غصن
250 _aط1
264 3 1 _aعمان:المؤلف،2004
300 _a126ص
336 _atext
_btxt
_2rdacontent
337 _aunmediated
_bn
_2rdamedia
338 _avolume
_bnc
_2rdacarrier
490 0 _aسلسلة قصص الناشئة الثانية من 10-16 سنة
650 4 _aالأدب العربي - قصص الأطفال
_919953
999 _aA6676
_c10244
_d10244